Notas sobre geografía del arte / Carlos Cid Priego
Descripción Física:
p. 799-838 : il. ; 24 cm
Materias:
Art -- Història
MARC
| LEADER | 00000nam a2200000Ia 4500 | ||
|---|---|---|---|
| 001 | 17550 | ||
| 008 | 160829s1955 xx 000 0 cat d | ||
| 080 | |a FU-2-24 | ||
| 100 | |a Cid Priego, Carlos |9 19791 | ||
| 245 | |a Notas sobre geografía del arte / Carlos Cid Priego | ||
| 260 | |a [s.l.] : |b [s.n.], |c 1955 | ||
| 300 | |a p. 799-838 : |b il. ; |c 24 cm | ||
| 590 | |a Separata de Estudios Geográficos, año XVI, núm. 61. | ||
| 590 | |a Prové de R.168 del currículum per la plaça de conservador del Museu Arqueològic, 1957 | ||
| 650 | |a Art |x Història |9 46602 | ||
| 856 | 4 | |u https://media.diba.cat/diba/fitxers/arxiu/fulletons/bib_17550_baixa.pdf |y Accés lliure | |
| 856 | 4 | |u https://media.diba.cat/diba/fitxers/arxiu/fulletons/bib_17550_baixa.pdf |y Accés lliure | |
| 901 | |a Arxiu | ||
| 942 | |n 1 |2 udc | ||
| 952 | |0 0 |1 0 |4 0 |6 FU224 |7 1 |9 53308 |a Arxiu |b Arxiu |d 2016-12-01 |l 0 |o FU-2-24 |p 17550 |r 2016-12-01 00:00:00 |w 2016-12-01 |y ARXIU | ||
| 999 | |c 57172 |d 57172 | ||
| 900 | |a bib_17550_baixa.pdf | ||